000 00657nam a2200241Ia 4500
003 OSt
005 20220918201836.0
006 a|||||r|||| 00| 0
007 ta
008 220917b |||||||| |||| 00| 0 eng d
024 _a96,879
037 _cTextual
040 _aARTS
_cARTS
_beng
041 _2eng
_aeng
082 _aV2:20Y138:N5, J6;K1
100 _aAggarwala Rama Nand
_9100952
245 0 _aNational movement and constitutional development of India
250 _a3rd
260 _aNA
_bNA
_c1956
650 _aHISTORY
942 _hV2:20Y138:N5, J6;K1
_cTEXL
_2CC
999 _c220479
_d220479